000 00400nam a22001577a 4500
003 OSt
005 20251112112439.0
008 240419b |||||||| |||| 00| 0 eng d
040 _cMRSPTU
100 _aOsho (ओशो)
245 _aEk Onkar Satnam (एक ओकर सतनाम)
250 _a1st
260 _aDelhi
_bDimond Pocket Book Pvt. Ltd
_c2000
300 _a439
942 _2ddc
_cBK
_n0
999 _c10121
_d10121